书目信息 |
| 题名: |
工业企业会计(第三版)
|
|
| 作者: | 刘翰林 主编 | |
| 分册: | ||
| 出版信息: | 杭州 浙江大学出版社 1992.07 |
|
| 页数: | 417页 | |
| 开本: | 32开 | |
| 丛书名: | ||
| 单 册: | ||
| 中图分类: | F406.72 | |
| 科图分类: | ||
| 主题词: | 工业经济--经济理论 | |
| 电子资源: | ||
| ISBN: | 7-308-00731-6 | |
| 000 | 00581nam0 2200193 45 | |
| 001 | 0010061619 | |
| 005 | 20001006162615.9 | |
| 010 | @a7-308-00731-6@d14.00元 | |
| 100 | @a20001006d1992 km y0chiy0120 ea | |
| 101 | 0 | @achi |
| 105 | @a z 000yy | |
| 200 | 1 | @a工业企业会计(第三版)@AGong Ye Qi Ye Kuai Ji(Di San Ban)@f刘翰林 主编@FLiu Han Lin Zhu Bian |
| 210 | @a杭州@c浙江大学出版社@d1992.07 | |
| 215 | @a417页@d32开 | |
| 606 | 0 | @a工业经济@x经济理论 |
| 690 | @aF406.72@v3 | |
| 701 | 0 | @a刘翰林@4主编 |
| 801 | @aCN@bPftUser@c20001006 | |
| 905 | @b168530-534@dF406.72@eL255=3@f5 | |
| 工业企业会计(第三版)/刘翰林 主编.-杭州:浙江大学出版社,1992.07 |
| 417页;32开 |
| ISBN 7-308-00731-6:14.00元 |
| ● |
| 相关链接 |
|
|
|
正题名:工业企业会计(第三版)
索取号:F406.72/L255=3
 
预约/预借
| 序号 | 登录号 | 条形码 | 馆藏地/架位号 | 状态 | 备注 |
| 1 | 168530 | 201685300 | 社科库409/409社科库 34排1列4层/ [索取号:F406.72/L255=3] | 在馆 | |
| 2 | 168531 | 201685319 | 社科库409/422社科库 37排4列4层/ [索取号:F406.72/L255=3] | 在馆 | |
| 3 | 168532 | 201685328 | 社科二线422/409社科库 34排1列4层/ [索取号:F406.72/L255=3] | 在馆 | |
| 4 | 168533 | 201685337 | 社科二线422/409社科库 34排1列4层/ [索取号:F406.72/L255=3] | 在馆 | |
| 5 | 168534 | 201685346 | 社科库409/409社科库 34排1列4层/ [索取号:F406.72/L255=3] | 在馆 |